Zpráva o činnosti v roce ... /

Předchozí název: Výroční zpráva (Státní památkový ústav v Olomouci)
Korporativní autor: Národní památkový ústav. Územní odborné pracoviště v Olomouci
Jazyk: Čeština
Vydáno: Praha : Národní památkový ústav, ústřední pracoviště, 2004-2008
Témata:
Fyzický popis: 5 sv. ; 30 cm
Odebírané ročníky: 2005-07
Noviny a časopisy
Uloženo v:
LEADER 03168nas a2200613 a 4500
001 001670591
003 CZ BrMZK
005 20200114073049.0
007 ta
008 041104d20042008xr ar 0 b0cze
015 |z cnb001472199 
035 |a (OCoLC)41377612 
040 |a ABA001  |b cze  |d OLA001 
043 |a e-xr---  |b e-xr-ol  |2 czenas 
045 |a y0y0 
072 7 |a 71  |x Územní plánování. Urbanismus. Památková péče  |2 Konspekt  |9 21 
080 |a 719:061  |2 MRF 
080 |a 719  |2 MRF 
080 |a (437.325)  |2 MRF 
080 |a (047.1)  |2 MRF 
110 2 |a Národní památkový ústav.  |b Územní odborné pracoviště v Olomouci  |7 kn20041109031 
240 1 0 |a Výroční zpráva (Národní památkový ústav. Územní odborné pracoviště v Olomouci)  |7 kon2006374380 
245 1 0 |a Zpráva o činnosti v roce ... /  |c Národní památkový ústav, územní odborné pracoviště v Olomouci 
246 3 |a Národní památkový ústav, územní odborné pracoviště v Olomouci - zpráva o činnosti v roce ... 
246 3 |a Zpráva o činnosti v roce ... - Národní památkový ústav, územní odborné pracoviště v Olomouci 
246 3 |a Zpráva o činnosti za rok ... - Národní památkový ústav, územní odborné pracoviště v Olomouci 
260 |a Praha :  |b Národní památkový ústav, ústřední pracoviště,  |c 2004-2008 
300 |a 5 sv. ;  |c 30 cm 
310 |a Ročenka 
362 0 |a 2003-2007 
500 |a Součástí názvu je označení běžného roku 
500 |a Od roč. 2004 název: Zpráva o činnosti za rok ... 
500 |a Jednotlivé sv. mají ISBN 
610 2 7 |a Národní památkový ústav.  |b Územní odborné pracoviště v Olomouci  |7 kn20041109031  |2 czenas 
650 0 7 |a památkové ústavy  |7 ph138955  |z Česko  |2 czenas 
650 0 7 |a památková péče  |7 ph123918  |z Česko  |2 czenas 
650 0 9 |a institutes of preservation of historical monuments  |z Czechia  |2 eczenas 
650 0 9 |a historic preservation  |z Czechia  |2 eczenas 
655 7 |a výroční zprávy  |7 fd133860  |2 czenas 
655 9 |a annual reports  |2 eczenas 
780 0 0 |t Výroční zpráva (Státní památkový ústav v Olomouci) 
902 |a 80-86234-46-0  |q (2003 ;  |q brož.)  |z 80-86234-39-8 
902 |a 80-86234-61-4  |q (2004 ;  |q brož.) 
902 |a 80-86234-78-9  |q (2005 ;  |q brož.) 
902 |a 978-80-87104-00-2  |q (2006 ;  |q brož.) 
902 |a 978-80-87104-24-8  |q (2007 ;  |q brož.) 
910 |a BOA001  |b 04318-1099.551  |r 2005-07  |t n 
990 |a SE 
995 |a 01 
996 6 |b 2610341178  |c 04318-1099.551  |d 2003  |v 2003  |y 2003  |l MZK  |r Sklad / do 1 hodiny  |n 4  |p p.v.  |w 001709635  |u 000010  |a 1  |e BOA001  |j MZK50  |s P 
996 6 |b 2610341179  |c 04318-1099.551  |d 2004  |v 2004  |y 2004  |l MZK  |r Sklad / do 1 hodiny  |n 3  |p p.v.  |w 001709635  |u 000020  |a 1  |e BOA001  |j MZK50  |s P 
996 6 |b 2610341180  |c 04318-1099.551  |d 2005  |v 2005  |y 2005  |l MZK  |r Sklad / do 1 hodiny  |n 3  |p p.v.  |w 001709635  |u 000030  |a 1  |e BOA001  |j MZK50  |s P 
996 6 |b 2610341181  |c 04318-1099.551  |d 2006  |v 2006  |y 2006  |l MZK  |r Sklad / do 1 hodiny  |n 1  |p p.v.  |w 001709635  |u 000040  |a 1  |e BOA001  |j MZK50  |s P 
996 6 |b 2610351286  |c 04318-1099.551  |d 2007  |v 2007  |y 2007  |l MZK  |r Sklad / do 1 hodiny  |n 3  |p p.v.  |w 001709635  |u 000050  |a 1  |e BOA001  |j MZK50  |s P